000 00513nam a2200193Ia 4500
003 OSt
005 20241210101855.0
008 210716s1977 xx 000 0 und d
020 _a0451122100
040 _cAIMIT LIBRARY
041 _aeng
082 _a808.83
_21
_bFOWJ
100 _aFowles, John.
_9189294
245 _aDaniel martin /
_cBy John Fowles.
250 _a1st ed.
260 _aNew York :
_bNew American Book ;
_c1977.
300 _a673p. ;
_bPB
_c18 cm.
942 _2ddc
_cBK
_e1st ed.
_k808.83 FOWJ
999 _c199987
_d199987